Logo BPK

Biblioteka

Politechniki Koszalińskiej

Kontrol parametrov poluprovodnikovych materalov i epitaksialnych sloev / (Rekord nr 17048)

Szczegóły MARC
000 -ETYKIETA REKORDU
podpole kontrolne o stałej długości 00390nam a2200145 i 4500
001 - NUMER KONTROLNY REKORDU
pole kontrolne bg
040 ## - ŹRÓDŁO KATALOGOWANIA
Instytucja, która utworzyła rekord BPK
041 ## - KOD JĘZYKA
Kod języka tekstu pol
080 ## - UNIWERSALNA KLASYFIKACJA DZIESIĘTNA - UKD
UKD 620.1:621.315
008 - POLE O STAŁEJ DŁUGOŚCI - DANE KONTROLNE
podpole kontrolne o stałej długości s pl f |000 0 pol
100 1# - NAZWA OSOBOWA
Nazwa osobowa BATAVIN, Vitalin Vasilevic
245 #0 - TYTUŁ/ODPOWIEDZIALNOŚĆ
Tytuł Kontrol parametrov poluprovodnikovych materalov i epitaksialnych sloev /
Pozostałe elementy strefy tytułu i oznaczenia odpowiedzialności V.V. Batavin.
260 ## - STREFA ADRESU WYDAWNICZEGO
Miejsce wydania Moskva,
Data publikacji, dystrybucji/powstania dokumentu 1976.
856 ## - LOKALIZACJA I DOSTĘP DO ELEKTRONICZNYCH DOKUMENTÓW ZDALNYCH
Link (URL) http://koha.tu.koszalin.pl/cgi-bin/koha/opac-detail.pl?biblionumber=17048
Tekst linku Katalog online BPK
942 ## - DODATKOWE ELEMENTY (KOHA)
Typ dokumentu Książka
Egzemplarze
Wycofany Status egzemplarza Uszkodzony Dostępność Lokalizacja stała Lokalizacja bieżąca Miejsce przechowywania Sygnatura Kod kreskowy Typ dokumentu
      Dostępny Biblioteka Politechniki Koszalińskiej Biblioteka Politechniki Koszalińskiej Wypożyczalnia BG 21619 01697858 Książka
© 2023 Biblioteka Politechniki Koszalińskiej :: KOHA